Sports Quiz

Random Sports or University Quiz
Score 0/20 Timer 07:00
0 Plays Today
Hint Answer % Correct
NicknameAggies
91.6%
ConferenceSEC
86.3%
Team ColorMaroon
81.4%
CityCollege Station
73.2%
Basketball ArenaReed Arena
46.2%
Famous Alum: 2B ____ KnoblauchChuck
38.2%
StateTexas
37%
Baseball StadiumOlsen Field at Blue Bell Park
29.9%
Football StadiumKyle Field
29.4%
Primary RivalArkansas
28.5%
Hint Answer % Correct
Athletic DirectorRoss Bjork
28%
Primary RivalTexas
26.6%
Team ColorWhite
26.3%
No. of Women's Varsity Sports10
25.6%
Sport w/ most NCAA ChampionshipsTrack & Field (4)
25.2%
Primary RivalLouisiana State
23.8%
Famous Alum: C DeAndre ____Jordan
20.5%
Fight Song (Defacto)The Aggie War Hymn
20.2%
No. of Men's Varsity Sports8
19.9%
MascotReveille
14%
Remove Ads.
Support Sporcle.
Get the best of Sporcle when you Go Orange. This ad-free experience offers more features, more stats, and more fun while also helping to support Sporcle. Thank you for becoming a member.

You're not logged in!

Compare scores with friends on all Sporcle quizzes.
OR
Log In

Show Comments

Extras

Top Quizzes Today


Score Distribution

Your Account Isn't Verified!

In order to create a playlist on Sporcle, you need to verify the email address you used during registration. Go to your Sporcle Settings to finish the process.

Report this User

Report this user for behavior that violates our Community Guidelines.

Details: